00562nam a22001577a 450000500170000001000150001702000260003203500140005803700130007208200110008510000220009624501290011826000230024727000920027030000420036220221212173401.0 aENG-135483 a9789390569854c375.00 aEN-119020 bDBAD/PUB a230.25 aTan, Jonathan Y.  aThe federation of asian bishops conference:bbearing witness to the gospel and the reign of god in asia/cby Jonathan Y. Tan aDelhibISPCKc2021 a1585,1654, madarsa road kashmere gatebDelhie110006k011-23866323mashish@ispck.org.in a212p.c22cm(pbk)breference and index